| Поле | Инд. | ПП | Название | Значение |
|---|---|---|---|---|
| Тип записи | a | |||
| Библиографический уровень | m | |||
| 001 | Контрольный номер | de67d7716e5a41ed8b47c7c7fa32f3ef | ||
| 005 | Дата корректировки | 20220617122516.9 | ||
| 008 | Кодируемые данные | 220525|||||||||ru |||||||||||||||||rus|| | ||
| 041 | 0_ | a | Код языка текста | rus |
| 084 | a | Индекс другой классификации/Индекс ББК | 68.53-1 | |
| 090 | a | Полочн. индекс | 68.53-1 | |
| x | Авторский знак | К 77 | ||
| 203 | a | Вид содержания | Текст | |
| c | Тип средства | непосредственное | ||
| 245 | 10 | a | Заглавие | Крейсер "Варяг". Обретение реликвий |
| b | Продолж. заглавия | [выставочный проект] | ||
| c | Ответственность | Министерство культуры Российской Федерации ; Федеральная служба по надзору за соблюдением законодательства в области охраны культурного наследия (Росохранкультура) ; Министерство иностранных дел Российской Федерации [и др. ; редактор В. В. Петраков] | ||
| 260 | a | Место издания | Москва | |
| b | Издательство | Русские витязи | ||
| c | Дата издания | 2009 | ||
| 300 | a | Объем | 94, [2] с. | |
| b | Иллюстрации/ тип воспроизводства | ил. | ||
| 500 | a | Примечание | В надзаг. также: Министерство культуры Республики Корея ; Министерство иностранных дел Республики Корея ; Организационный комитет выставочного проекта "Крейсер "Варяг". Обретение реликвий" | |
| 520 | 0_ | a | Аннотация | Крейсер "Варяг" прославился во время русско-японской войны 1904-1905 годов. Он был построен в 1899 году в Филадельфии (США). При водоизмещении 6.500 тонн крейсер имел скорость хода 23-24 узла (42-44 км/ч). Экипаж составлял 570 человек. На вооружении крейсера были 12 орудий 152 мм, 12 - 75 мм, 8 - 47 мм, 2 - 37 мм и 6 торпедных аппаратов. К началу русско-японской войны вместе с канонерской лодкой "Кореец" "Варяг" находился в нейтральном корейском порту Чемульпо, где его блокировала японская эскадра контр-адмирала Уриу, который угрожал атаковать русские корабли на рейде, если они не покинут его до 12 часов 27 января (9 февраля) 1904 года. Командир "Варяг" капитан 1 ранга Всеволод Руднев решил с боем прорваться в Порт-Артур. В сражении с японской эскадрой, в которую входили один тяжелый и пять легких крейсеров, а также восемь миноносцев, у острова Йодолми "Варяг" повредил два крейсера и потопил один миноносец, но и сам получил тяжелые повреждения, потерял 122 человека убитыми и ранеными. Чтобы не допустить захвата кораблей, экипажи взорвали "Кореец", затопили «Варяг» и через нейтральные порты вернулись в Россию. В 1905 году японцы по"Варяга"дняли "Варяг" и зачислили его в состав своего флота под названием "Сойя". В апреле 1916 года крейсер куплен Россией, и в ноябре 1916 года под прежним названием "Варяг" пришел в Кольский залив, где вошел во флотилию Северного Ледовитого океана. В феврале 1917 года крейсер ушел на ремонт в Англию, но затем был продан на слом |
| 650 | 04 | a | Основная рубрика | Российский флот-История |
| 653 | 0_ | a | Ключевые слова | История флота |
| a | Ключевые слова | Крейсер "Варяг" | ||
| a | Ключевые слова | Крейсеры | ||
| 900 | a | Имя макрообъекта | Крейсер Варяг | |
| 901 | t | Тип документа | m |